[Event "Maharashtra State-ch U25"]
[Site "Nasik"]
[Date "2018.08.10"]
[Round "4"]
[White "Giri, Abhishek"]
[Black "Tajane, Ganesh"]
[Result "1-0"]
[WhiteElo "1583"]
[BlackElo "1722"]
[PlyCount "73"]
[EventDate "2018.08.09"]
[EventType "swiss"]
[EventRounds "9"]
[EventCountry "IND"]
[SourceTitle "CBM 186 Extra"]
[Source "ChessBase"]
[SourceDate "2018.08.24"]
[SourceVersion "1"]
[SourceVersionDate "2018.08.24"]
[SourceQuality "1"]

1. e4 d5 2. Nc3 Nf6 3. e5 Nfd7 4. Nf3 e6 5. Ne2 c5 6. c3 Nc6 7. d4 Qb6 8. g3 cxd4 9. cxd4 f6 10. exf6 Nxf6 11. Bg2 Bb4+ 12. Nc3 Ne4 13. Qd3 e5 14. 0-0 Nxc3 15. bxc3 e4 16. Re1 0-0 17. Rxe4 Bf5 18. Nh4 Bxe4 19. Bxe4 dxe4 20. Qc4+ Kh8 21. Rb1 Qd8 22. cxb4 Qxd4 23. Qxd4 Nxd4 24. Be3 Nf3+ 25. Nxf3 exf3 26. h3 a6 27. a4 Rac8 28. g4 Rc3 29. Kh2 Re8 30. Kg3 Rf8 31. Bc5 Rf7 32. g5 Kg8 33. Rd1 Rf5 34. Rd8+ Kf7 35. Rd7+ Kg6 36. h4 Rf7 37. h5+ 1-0

[Event "Mumbai Wealth op 3rd"]
[Site "Mumbai"]
[Date "2018.01.02"]
[Round "4"]
[White "Giri, Abhishek"]
[Black "Varshini, Veileven"]
[Result "0-1"]
[WhiteElo "1531"]
[BlackElo "2056"]
[PlyCount "96"]
[EventDate "2017.12.30"]
[EventType "swiss"]
[EventRounds "9"]
[EventCountry "IND"]
[SourceTitle "CBM 182 Extra"]
[Source "ChessBase"]
[SourceDate "2018.02.23"]
[SourceVersion "1"]
[SourceVersionDate "2018.02.23"]
[SourceQuality "1"]

1. e4 c5 2. Nc3 d6 3. Nf3 Nf6 4. Bc4 e6 5. 0-0 Be7 6. d4 cxd4 7. Nxd4 a6 8. a4 Qc7 9. Bd3 b6 10. Re1 Bb7 11. Bg5 Nbd7 12. Nf3 0-0 13. Qe2 Rfd8 14. Bh4 Nf8 15. Rad1 Ng6 16. Bg3 Nh5 17. Qe3 Ne5 18. Nxe5 dxe5 19. Be2 Bc5 20. Qg5 Nxg3 21. Qxg3 Bd4 22. Rd3 Qc6 23. Red1 Rdc8 24. Qh4 Qc5 25. Kh1 h6 26. Bh5 Rf8 27. Rf3 f5 28. Rfd3 Bxf2 29. Qh3 Bd4 30. Bg6 Rf6 31. exf5 Raf8 32. Ne2 exf5 33. Bh5 Bxb2 34. Rd7 Qc6 35. Rxb7 Qxb7 36. Qb3+ Kh7 37. Qxb2 g6 38. Qxe5 gxh5 39. Ng1 Qe4 40. Rd7+ R6f7 41. Qd6 Qxc2 42. Qxf8 Rxd7 43. Qe8 Rg7 44. g3 Qe4+ 45. Qxe4 fxe4 46. Ne2 b5 47. axb5 axb5 48. Nc3 e3 0-1